50 largest cities in California - Statistics

General Stats
  • This quiz has been taken 1,389 times
  • The average score is 29 of 50
Answers on the Map
Answers color-coded by a green-red scale on the quiz's map according to % correct below.
 
Answer Stats
Rank Population City % Correct
1 3,990,456 Los Angeles
100%
2 1,425,976 San Diego
99%
4 883,305 San Francisco
99%
3 1,030,119 San Jose
97%
6 508,529 Sacramento
96%
8 429,082 Oakland
93%
5 530,093 Fresno
91%
7 467,354 Long Beach
87%
10 352,005 Anaheim
86%
9 383,579 Bakersfield
86%
12 330,063 Riverside
82%
17 215,941 San Bernardino
81%
11 332,725 Santa Ana
78%
13 311,178 Stockton
75%
14 282,572 Irvine
71%
15 271,651 Chula Vista
70%
20 210,089 Santa Clarita
65%
18 215,030 Modesto
64%
40 141,371 Pasadena
64%
16 237,807 Fremont
60%
21 209,877 Oxnard
59%
24 200,641 Huntington Beach
57%
42 139,484 Orange
56%
46 129,488 Santa Clara
56%
27 177,586 Santa Rosa
55%
28 176,080 Oceanside
52%
22 209,050 Moreno Valley
47%
19 213,739 Fontana
46%
23 201,361 Glendale
46%
25 181,107 Ontario
46%
26 177,751 Rancho Cucamonga
44%
47 127,690 Thousand Oaks
42%
32 161,103 Lancaster
41%
34 156,667 Palmdale
41%
35 156,259 Salinas
40%
31 168,819 Corona
39%
29 172,886 Elk Grove
38%
37 152,361 Pomona
38%
39 145,182 Torrance
38%
41 139,640 Fullerton
37%
38 152,213 Escondido
36%
30 172,646 Garden Grove
36%
33 159,620 Hayward
35%
50 121,913 Vallejo
34%
44 133,800 Visalia
34%
36 153,185 Sunnyvale
33%
48 125,851 Simi Valley
32%
43 139,117 Roseville
31%
49 122,312 Victorville
31%
45 129,688 Concord
25%
No matching quizzes found
Score Distribution
Percent of People with Each Score
Percentile by Number Answered
Your Score History
You have not taken this quiz